Fundamentos de Administración financiera / (Registro nro. 10597)

Detalles MARC
000 -LEADER
fixed length control field 01311nam a2200325 4500
001 - CONTROL NUMBER
control field 0000016472
003 - CONTROL NUMBER IDENTIFIER
control field CO-CtgCURN
005 - DATE AND TIME OF LATEST TRANSACTION
control field 20250329191008.0
007 - PHYSICAL DESCRIPTION FIXED FIELD--GENERAL INFORMATION
fixed length control field ta
008 - FIXED-LENGTH DATA ELEMENTS--GENERAL INFORMATION
fixed length control field 160627s2001 000 0 eng d
020 ## - INTERNATIONAL STANDARD BOOK NUMBER
International Standard Book Number 9701030842
040 ## - CATALOGING SOURCE
Original cataloging agency CO-CtgCURN
Language of cataloging spa
Transcribing agency coctgcurn
082 0# - DEWEY DECIMAL CLASSIFICATION NUMBER
Classification number 658.15
Item number B37f
100 1# - MAIN ENTRY--PERSONAL NAME
Personal name Besley, Scott.
245 10 - TITLE STATEMENT
Title Fundamentos de Administración financiera /
Statement of responsibility, etc. Scott Besley y Eugene F. Brigham , traducción Jaime Gómez Mont.
250 ## - EDITION STATEMENT
Edition statement 12a ed.
260 ## - PUBLICATION, DISTRIBUTION, ETC.
Place of publication, distribution, etc. Mexico :
Name of publisher, distributor, etc. McGraw-Hill,
Date of publication, distribution, etc. 2001.
300 ## - PHYSICAL DESCRIPTION
Extent xxvi, 919 p.
336 ## - CONTENT TYPE
Source rdacontent
337 ## - MEDIA TYPE
Source rdamedia
Media type term sin mediacion
Media type code n
338 ## - CARRIER TYPE
Source rdacarrier
Carrier type term volumen
Carrier type code nc
505 8# - FORMATTED CONTENTS NOTE
Formatted contents note Introducción a la Administración financiera.--Pronosticos, planeacion y control.--Conceptos basicos de la adminsitracion financiera.--Presupuesto de capital.--Costo del capital, apalancamiento y política de dividendos.--Adminsitracion del capital de trabajo.--Decisiones estrategicas de financiamiento a largo plazo
650 14 - SUBJECT ADDED ENTRY--TOPICAL TERM
Topical term or geographic name entry element Administración financiera.
650 14 - SUBJECT ADDED ENTRY--TOPICAL TERM
Topical term or geographic name entry element Corporaciones
General subdivision Finanzas.
700 1# - ADDED ENTRY--PERSONAL NAME
Personal name Brigham, Eugene F.
700 1# - ADDED ENTRY--PERSONAL NAME
Personal name Gómez Mont, Jaime,
Titles and other words associated with a name Traductor.
908 ## - PUT COMMAND PARAMETER (RLIN)
Put command parameter 160627
942 ## - ADDED ENTRY ELEMENTS (KOHA)
Koha item type Libros
Classification part 658.15
Item part B37f
Source of classification or shelving scheme Dewey Decimal Classification
Existencias
Withdrawn status Lost status Source of classification or shelving scheme Damaged status Not for loan Collection Home library Current library Shelving location Date acquired Inventory number Total checkouts Full call number Barcode Date last seen Price effective from Koha item type Public note
    Dewey Decimal Classification     General Miguel Henríquez Castañeda Miguel Henríquez Castañeda General 03/29/2025 011135   658.15 B37f 011135 03/29/2025 03/29/2025 Libros 650-ADMINS